[Event "Magistral Osasco 60 Anos 2022"]
[Site "Sao Paolo"]
[Date "2022.02.21"]
[Round "3.3"]
[White "Alboredo, Julia"]
[Black "Cubas, Jose Fernando"]
[Result "1/2-1/2"]
[WhiteElo "2216"]
[BlackElo "2469"]
[Annotator "TA"]
[PlyCount "125"]
[EventDate "2022.02.19"]
[EventType "tourn"]
[EventCountry "BRA"]
[SourceTitle "playchess.com"]
[Source "ChessBase"]
[SourceQuality "1"]

{[%evp 9,124,56,56,44,53,41,44,51,50,43,70,57,72,31,61,-13,120,114,141,135,134,110,123,109,111,82,79,73,91,94,116,83,179,78,71,81,66,74,93,59,60,-23,-24,-24,-25,-16,-24,-29,-18,-23,184,148,639,320,307,320,520,289,1164,694,737,710,879,898,807,648,29966,322,312,247,268,270,246,239,338,334,299,313,565,370,393,0,0,-50,160,150,175,175,366,139,448,0,0,0,0,0,0,0,0,0,0,0,0,0,0,0,0,0,0,0,0,0,0,0,0,0,0]} 1. e4 b6 2. d4 Bb7 3. Nc3 e6 4. a3 g6 5. Nf3 Bg7 6. h4 {B00: Queen's Fianchetto Defence, Nimzowitsch Defence.} h6 $1 7. Bf4 d6 {[#]} 8. Qd2 $146 {White is slightly better.} ({Predecessor:} 8. Bc4 Nd7 9. Qe2 a6 10. h5 g5 11. Bg3 Ne7 12. O-O-O b5 13. Ba2 Nb6 14. Kb1 {1-0 (27) Skalkotas,N (2012)-Mengoulis,K (1691) Athens 2018}) 8... Nd7 9. O-O-O Ne7 10. Kb1 a6 11. g4 ({White should play} 11. Bd3 $16) 11... b5 12. d5 (12. Qd3 $14) 12... e5 (12... exd5 $1 $11 13. Nxd5 Nxd5 14. exd5 Nb6) 13. Be3 $16 Nb6 14. Ne1 Bc8 15. Rg1 Bd7 16. f4 exf4 17. Bxf4 Qc8 18. Be2 Nc4 19. Bxc4 bxc4 20. g5 {[%cal Rg5h6]} Rb8 (20... h5 $16) 21. Ka1 (21. gxh6 $18 {is more deadly.} Bxh6 22. Qd4 $1 (22. Bxh6 Qb7 $16)) 21... Qb7 {[%csl Gb8][%cal Rb7b2]} 22. Rb1 {[%cal Rg5h6]} h5 23. Be3 c5 {Inhibits Bd4.} 24. dxc6 Nxc6 25. e5 (25. Bf4 $14) 25... Nxe5 $11 {next ...0-0 is good for Black.} 26. Qxd6 Be6 27. Ne4 {[%cal Oe3c5]} Rd8 28. Bb6 {[%csl Gb6][%cal Rd6d8]} Rd7 29. Qc5 {[%cal Oe1g2]} Nc6 $2 (29... Qxe4 $2 30. Qc8+ Ke7 31. Bc5+ Rd6 32. Qc7+ Ke8 33. Bxd6 $18) (29... Qc6 $11) 30. Nf3 $1 $18 {And now Rbd1 would win.} Nd4 $2 {[%mdl 8192]} (30... Ne7 $16 31. Nf6+ (31. Nd6+ Rxd6 32. Qxd6 O-O $14) 31... Bxf6 32. gxf6 Nc8) 31. Nd6+ Rxd6 32. Qxd6 {[%csl Gb6][%cal Rd6d8]} Nc6 {Inhibits Qd8+.} (32... Nxc2+ 33. Ka2 c3+ 34. b3 Qd7 35. Qb8+ Qc8 36. Qxc8+ Bxc8) 33. Nd4 Qxb6 $2 (33... Bxd4 34. Bxd4 Nxd4 35. Qxd4 O-O) 34. Nxc6 {[%csl Gc6][%cal Rd6e7]} Bf8 {Inhibits Qe7+.} 35. Qe5 Rg8 36. Qe4 Bc5 37. Rgd1 Kf8 {[#]} 38. Rd8+ $2 (38. Qe5 $1 {mates} Be7 (38... Bf2 39. Rd8+) 39. Nxe7 Kxe7 40. Qf6+ Kf8 41. Rd2 Bf5 42. Qxb6 Kg7 43. Qf6+ Kh7 44. Qxf7+ Rg7 45. Qf8) 38... Kg7 39. Qe5+ Kh7 40. Rxg8 Kxg8 41. Qe4 Qb7 (41... Kh7 {was called for.} 42. c3 Bf5 43. Qxc4 Be6) 42. Rd1 Kh7 43. Rd8 {[%cal Oe4e5] Inhibits Bf8. Threatening mate with Qe5!} Bb6 $2 (43... c3 44. bxc3 Bxa3) 44. Rd6 Bc5 45. Rd1 (45. Rxe6 $18 {Intending Re8 and mate.} fxe6 46. Qxe6) 45... c3 $11 {[%csl Gc3][%cal Rb7b2]} 46. b4 (46. bxc3 $11 Bxa3 47. Rb1) 46... a5 $2 {[#]} 47. Qe5 $1 $16 {[%cal Od1d8] Rd8! would kill now.} Bxb4 48. Nd8 (48. axb4 $6 Qxc6 49. Qxa5 Qe4 $14) (48. Nxb4 axb4 49. axb4 Qxb4 50. Qh8+ Kxh8 $11) (48. Rd8 $2 Bf8 $1 {[%mdl 512]} 49. Qb8 (49. Qxc3 $2 Bg7 $19) 49... Qxc6 $19) 48... Qf3 (48... Bd6 {might work better.} 49. Qxc3 (49. Nxb7 Bxe5 50. Nxa5 Kg7 $16) 49... Qc8 50. Qxc8 Be5+ 51. Kb1 Bxc8 52. Nxf7 Bg3) 49. Rb1 $2 {Really sharp! Active counter play!} (49. Re1 $18 Bxa3 50. Nxe6 fxe6 51. Qe4 (51. Qxa5 Bf8 $16) (51. Qc7+ Kg8 $18)) 49... Bc4 {[%mdl 8192] [#]} (49... Bd5 $16) 50. axb4 $2 ({White must play} 50. Qd4 $1 $18 {[%cal Rd4c4]} Bd3 {[#]} 51. Nxf7 $1 {[%mdl 512]} (51. axb4 Bxc2 52. bxa5 Bxb1 $16) (51. cxd3 Bf8 $18) (51. Qxd3 $2 Qxd3 52. cxd3 Bxa3 $19) 51... Qxf7 52. Qxd3 Bxa3 53. Rf1 (53. Qxc3 Bf8 $16)) 50... axb4 $11 {( -> ...Qa8+). The position is equal.} 51. Qa5 {Prevents Qa8. Hoping for Qa4.} b3 $1 52. cxb3 c2 {[%csl LRb1,LRb3]} 53. bxc4 cxb1=Q+ 54. Kxb1 Qb3+ 55. Ka1 {Black must now prevent c5.} Qxc4 56. Qa7 Qc1+ 57. Ka2 Qd2+ 58. Kb3 Qd3+ 59. Kb4 Qxd8 60. Qxf7+ Kh8 61. Qxg6 Qd4+ 62. Kb5 Qc5+ 63. Kxc5 {Weighted Error Value: White=0.82/Black=0.62} 1/2-1/2

[Event "Magistral Osasco 60 Anos 2022"]
[Site "Sao Paolo"]
[Date "2022.02.21"]
[Round "3.4"]
[White "Pereira, Silvio Cunha"]
[Black "Supi, Luis Paulo"]
[Result "0-1"]
[WhiteElo "2217"]
[BlackElo "2581"]
[Annotator "TA"]
[PlyCount "102"]
[EventDate "2022.02.19"]
[EventType "tourn"]
[EventCountry "BRA"]
[SourceTitle "playchess.com"]
[Source "ChessBase"]
[SourceQuality "1"]

{[%evp 11,102,-12,0,0,5,-8,-16,-49,-56,-54,-56,-53,-54,-54,-46,-58,-52,-38,-28,-91,-30,-99,-93,-131,-122,-171,-128,-176,-144,-165,-164,-160,-172,-165,-160,-172,-172,-182,-176,-177,-166,-174,-167,-183,-206,-205,-199,-254,-232,-244,-262,-295,-286,-331,-308,-306,-266,-291,-291,-282,-286,-481,-475,-472,-460,-471,-471,-471,-465,-481,-464,-464,-464,-534,-511,-507,-505,-490,-477,-732,-732,-732,-725,-732,-725,-718,-707,-692,-692,-678,-565,-536,-474]} 1. e4 {[%cal Be2e4,Be4e5][%mdl 32]} c5 2. Nf3 d6 3. d4 cxd4 4. Qxd4 Nf6 5. e5 Nc6 6. Bb5 Qa5+ $1 (6... dxe5 7. Qxd8+ Kxd8 8. Bxc6 bxc6 9. Nxe5 $14) 7. Nc3 {B53: Sicilian: 2...d6: Lines with Qxd4.} Qxb5 $1 8. Nxb5 Nxd4 9. Nfxd4 {The position is equal.} dxe5 10. Nc7+ Kd7 $1 11. Nxa8 exd4 12. Bf4 e5 13. Bxe5 Bd6 $1 14. Bxd4 Re8+ 15. Kf1 (15. Be3 $1 $11) 15... Kc6 {[#]} (15... b6 $17 16. Nxb6+ axb6) 16. f3 $146 (16. Bxa7 $11 {keeps the balance.} Be6 17. Nb6) ({Predecessor:} 16. Bxa7 Nd5 17. c4 Nf4 18. Re1 Be6 19. Nb6 Nd3 20. Rd1 Nxb2 21. Rxd6+ Kxd6 22. Nd5 Nxc4 23. Ne3 b6 24. Ke2 Ra8 25. Rd1+ Kc5 {0-1 (25) Meyer,J (1889)-Bjerre,J (2503) Helsingor 2019}) 16... Be6 {Black is more active. White is on the road to losing.} 17. Kf2 {[%cal Od4a7]} Rxa8 18. Rhe1 (18. c4 $17 {was worth a try.}) 18... b5 (18... Bxh2 $19 19. Be5 Bxe5 20. Rxe5 a5) 19. a3 (19. a4 $17) 19... Nd5 20. Rad1 g5 ({Much less strong is} 20... Bxh2 21. g3 $16) 21. g3 h5 22. Be5 Be7 23. Bd4 a5 {[%cal Ba7a5,Ba5a4][%mdl 32]} 24. Rd2 Rg8 25. Rde2 Kd7 26. Rd1 a4 27. Re4 Kc6 28. Rde1 Rg6 29. Rc1 (29. R1e2 $142) 29... Nb6 $19 30. b3 Bxa3 31. Ra1 Bd6 ({Not} 31... axb3 32. Rxa3 bxc2 33. Rc3+ Bc4 34. Rxc2 $16) 32. Bxb6 Kxb6 33. bxa4 Bc5+ 34. Kg2 b4 35. Rd1 Rg8 36. Re5 $2 {[#]} (36. h4) 36... Ra8 {Black is clearly winning.} 37. Ra1 Bd4 {[%csl LRa1,LRe5] This bishop pair is nice.} 38. Rb5+ Kc6 39. Rb1 Bc5 40. R5xb4 Bxb4 41. Rxb4 {[%mdl 4096] Endgame KRB-KR} Rd8 42. h4 Rd2+ 43. Kf1 g4 44. fxg4 Bxg4 45. a5 (45. Rb2 $142 Rd1+ 46. Kg2) 45... Rxc2 46. Rb6+ Kc7 47. Rf6 Be6 48. Rh6 Rc5 49. a6 Kb6 50. Kf2 Kxa6 51. Ke3 Kb7 {Weighted Error Value: White=0.25 (precise) /Black=0.06 (flawless)} 0-1

[Event "Magistral Osasco 60 Anos 2022"]
[Site "Sao Paolo"]
[Date "2022.02.21"]
[Round "3.5"]
[White "Quintiliano Pinto, Renato R."]
[Black "Languidey, Simon Alejandro"]
[Result "1-0"]
[WhiteElo "2468"]
[BlackElo "2403"]
[Annotator "TA"]
[PlyCount "56"]
[EventDate "2022.02.19"]
[EventType "tourn"]
[EventCountry "BRA"]
[SourceTitle "playchess.com"]
[Source "ChessBase"]
[SourceQuality "1"]

{[%evp 21,56,9,20,7,7,16,40,36,47,33,51,39,53,59,51,33,81,58,75,78,100,88,111,98,95,90,135,137,146,81,106,112,304,325,29981,-886,219]} 1. d4 e6 2. c4 Nf6 3. Nc3 d5 4. Nf3 dxc4 5. e4 {[%cal Be2e4,Be4e5][%mdl 32]} Bb4 6. Bg5 c5 7. e5 cxd4 8. Nxd4 Bxc3+ 9. bxc3 Qa5 10. exf6 Qxg5 11. fxg7 Qxg7 12. Qd2 {D39: Queen's Gambit Declined: Ragozin Defence with 5 Bg5 dxc4.} O-O 13. Bxc4 e5 (13... Qxg2 $2 14. O-O-O Qg6 15. Rhg1 $18) 14. Ne2 {White is slightly better.} Nc6 15. O-O Bf5 {[#]} 16. Qe3 $146 ({Predecessor:} 16. Ng3 Bg6 17. h4 h6 18. Qe3 Kh8 19. h5 Bh7 20. Rae1 Rae8 21. Bd5 f5 22. f4 {0-1 (40) Antova,G (2306)-Guichard,P (2407) Monte Carlo 2019}) 16... Rad8 17. Ng3 Bg6 18. h4 {[%cal Bh2h4,Bh4h5][%mdl 32]} h6 (18... Na5 $1 $14 19. Bb5 f5 20. Qxa7 Qc7) 19. Rae1 Rfe8 20. Qf3 Rd6 21. h5 Bh7 22. Ne4 {To avoid Qf6} Bxe4 23. Rxe4 {[#] aiming for Rg4.} Qf6 (23... Rf6 $142 24. Qe2 Rf5) 24. Qe3 $16 {Black must now prevent f4.} Red8 25. Be2 {Inhibits Rd1.} (25. f4 $142 {[%cal Rf4e5]} Rd1 26. fxe5 Rxf1+ 27. Bxf1) 25... Qe7 26. f4 {[%cal Bf2f4,Bf4e5][%mdl 32]} Rf6 $2 {[#]} (26... Re6 $16) 27. fxe5 $18 Rf3 (27... Rxf1+ $18 28. Kxf1 Qe6) 28. Rf2 $4 {[%mdl 8192]} Rxf2 $4 {[%mdl 8192] Weighted Error Value: White=0.47/Black=0.62} (28... Rxe3 $19 {and all is fine.} 29. Rxe3 Qc5 30. Rg3+ Kh8) 1-0

[Event "Magistral Osasco 60 Anos 2022"]
[Site "Sao Paolo"]
[Date "2022.02.22"]
[Round "4.1"]
[White "Stamenkovic, Dragan"]
[Black "Languidey, Simon Alejandro"]
[Result "1/2-1/2"]
[WhiteElo "2378"]
[BlackElo "2403"]
[Annotator "TA"]
[PlyCount "79"]
[EventDate "2022.02.19"]
[EventType "tourn"]
[EventCountry "BRA"]
[SourceTitle "playchess.com"]
[Source "ChessBase"]
[SourceQuality "1"]

{[%evp 9,79,19,22,16,11,13,14,10,21,16,16,16,23,13,19,13,27,0,5,0,0,0,9,-9,32,17,31,25,25,26,38,29,37,34,54,54,57,60,54,54,54,54,65,53,62,54,83,74,78,34,39,44,63,0,0,0,0,0,0,0,78,64,75,68,93,91,75,0,3,7,6,0]} 1. d4 Nf6 2. Bg5 e6 3. e3 h6 4. Bh4 d6 5. Bd3 Nbd7 6. c4 {A45: Trompowsky Attack.} c5 7. Ne2 Be7 8. Nbc3 O-O 9. O-O b6 {[#]} 10. Rc1 $146 ({Predecessor:} 10. f3 Bb7 11. Rc1 Rc8 12. b3 cxd4 13. Nxd4 Ne5 14. Be2 a6 15. f4 Ng6 16. Bxf6 Bxf6 {1-0 (66) Mazzilli,P (2340)-Georgiev,K (2671) Arvier 2012}) 10... Bb7 11. Bb1 Rc8 12. Qd3 cxd4 13. Qxd4 a6 14. b3 Qc7 15. Rfd1 Rfd8 16. Bg3 Qc6 (16... Ne5 $11 {might be stronger.}) 17. f3 {Active counter play!} Nc5 18. e4 Qe8 19. Kh1 Nh5 20. Bf2 Bg5 {[#] Threatens to win with ...e5.} 21. Be3 Be7 22. Qd2 Nf6 23. Nd4 Ncd7 24. Qf2 Rb8 25. Qg3 Kh8 26. Qh3 Bf8 27. Re1 Ne5 28. Rcd1 Rbc8 {[%cal Ob6b5]} 29. Nde2 ({Better is} 29. g4 $16) 29... b5 $14 30. cxb5 axb5 31. Bd4 (31. Bb6 $14) 31... b4 32. Na4 Ba6 33. Ng3 Bb5 34. Nb6 Rc6 (34... Rb8 $11 {remains equal.}) 35. Nh5 Nxh5 36. Qxh5 f6 37. Qxe8 Rxe8 38. Rc1 ({White should try} 38. f4 $16) 38... Rb8 39. Rxc6 Nxc6 40. Be3 {Weighted Error Value: White=0.09 (flawless) /Black=0.10 (very precise)} 1/2-1/2

[Event "Magistral Osasco 60 Anos 2022"]
[Site "Sao Paolo"]
[Date "2022.02.22"]
[Round "4.2"]
[White "Supi, Luis Paulo"]
[Black "Quintiliano Pinto, Renato R."]
[Result "1/2-1/2"]
[WhiteElo "2581"]
[BlackElo "2468"]
[Annotator "TA"]
[PlyCount "133"]
[EventDate "2022.02.19"]
[EventType "tourn"]
[EventCountry "BRA"]
[SourceTitle "playchess.com"]
[Source "ChessBase"]
[SourceQuality "1"]

{[%evp 24,132,13,16,21,2,18,0,9,10,15,10,98,129,208,212,195,193,145,13,10,22,28,0,0,0,0,0,0,0,0,0,0,0,0,0,0,0,45,40,40,40,320,312,310,333,326,323,295,102,416,183,422,419,474,391,387,0,473,0,388,375,354,326,257,8,24,8,8,16,20,0,0,0,30,0,0,0,0,28,45,43,200,195,180,181,318,332,320,344,339,339,344,344,347,319,350,363,321,310,363,360,361,363,361,361,441,363,441,441,441]} 1. e4 c5 2. Nf3 d6 3. d4 cxd4 4. Nxd4 Nf6 5. Nc3 a6 6. Be2 e5 7. Nb3 Be7 8. Be3 Be6 9. Nd5 Nbd7 10. Qd3 O-O 11. O-O Bxd5 12. exd5 Rc8 13. c4 Ne8 {B92: Sicilian Najdorf: 6 Be2.} 14. a4 $1 {[%mdl 4] now scores much better than the old 14.Qd2.} f5 15. a5 Bg5 {The position is equal.} 16. f4 exf4 17. Bxf4 {[#]} Bf6 $146 (17... Bxf4 $11 18. Rxf4 g6) ({Predecessor:} 17... Bxf4 18. Rxf4 Qg5 19. Qd2 g6 20. Nd4 Ng7 21. Rd1 Qe7 {½-½ (35) Siikaluoma,A (2537)-Fajs,B (2535) GER email 2015}) 18. Qxf5 $16 Bd4+ 19. Nxd4 $18 Rxf5 20. Nxf5 Ne5 21. Bxe5 ({White should try} 21. Bg3 $16) 21... dxe5 $11 22. d6 {And now Ne7+ would win.} g6 $1 (22... Nxd6 $2 23. Rad1 Qc7 24. Rxd6 $18) 23. Ne7+ Kg7 24. Nxc8 Qxc8 25. b4 {To avoid Qc5+} Nxd6 26. c5 Ne4 27. Ra3 Qd7 {White must now prevent ...Qd4+.} 28. Rd1 $36 {[%mdl 2048] To avoid Qd4+. White has the initiative.} Qf7 29. Bf3 {Active counter play!} Nf6 30. Re3 Qc4 (30... e4 $11 {was preferrable.} 31. Bxe4 Qc4 32. Bxb7 Qxb4) 31. Rxe5 $14 {Strongly threatening Re7+.} Qxb4 32. h3 Kh6 $2 {[%mdl 8192]} ({Better is} 32... Qxa5 $14 33. Bxb7 Qc3) 33. g4 $1 $18 {[%cal Bg2g4,Bg4g5][%mdl 32] g5+ is the strong threat.} Kg7 34. g5 Ng8 {To avoid Re7+. Hoping for ...Qf4.} 35. Rd7+ Kh8 {aiming for ...Qc3.} 36. Rd8 $2 (36. Bxb7 Qc3 37. Re8 Qxc5+ 38. Kh2 Qf2+ 39. Kh1 Qf1+ 40. Kh2 Qf4+ 41. Kg2 Qxg5+ 42. Kh1 Qc1+ 43. Kh2 Qf4+ 44. Kh1 Qc1+ 45. Kh2 Qf4+ 46. Kh1 Qc1+ $11) (36. Kg2 $18 {is the precise move to win.}) 36... Qxa5 $2 {[%mdl 8192]} (36... h5 $16) 37. Ree8 $1 {[%csl Gd8][%cal Re8g8]} Qxc5+ {[#]} 38. Kf1 $1 {[%csl Gd8][%cal Re8g8]} (38. Kh1 Qc1+ 39. Bd1 (39. Rd1 Qc3 $11) 39... Qc4 $18) 38... Qc1+ 39. Kf2 {[%csl Gd8][%cal Re8g8]} Qc5+ 40. Kf1 {[%csl Gd8][%cal Re8g8]} Qc1+ $1 41. Kf2 {[%csl Gd8][%cal Re8g8]} Qc5+ 42. Ke2 {[%csl Gd8][%cal Re8g8]} Qb5+ 43. Ke1 {[%csl Gd8][%cal Re8g8]} Qa5+ {[#]} 44. Kf1 $2 (44. Kd1 $1 $18 {[%csl Gd8][%cal Re8g8]} Qa1+ 45. Ke2 Qb2+ 46. Ke3 Qc1+ 47. Ke4) 44... Qb5+ $11 45. Be2 {[%csl Gd8][%cal Re8g8][%mdl 1024] White has compensation.} Qf5+ 46. Ke1 {[%csl Gd8][%cal Re8g8] Really sharp!} Qa5+ 47. Kd1 {[%csl Gd8][%cal Re8g8]} Qa4+ 48. Kd2 {[%csl Gd8][%cal Re8g8]} Qb4+ 49. Kc2 {[%csl Gd8][%cal Re8g8]} (49. Ke3 $5 {[%cal Re8g8]} Qc5+ 50. Kf3 Qf5+ 51. Kg2 Qxg5+ 52. Bg4 $16) 49... Qc5+ 50. Kb3 {[%csl Gd8][%cal Re8g8]} Qb6+ 51. Kc3 {[%csl Gd8][%cal Re8g8]} Qa5+ $1 52. Kd4 {[%csl Gd8][%cal Re8g8]} Qb6+ $1 {Black is now going downhill.} 53. Ke4 {[%csl Gd8][%cal Re8g8]} Qc6+ 54. Kf4 {[%csl Gd8][%cal Re8g8]} Qc7+ (54... Qc1+ $142 55. Ke4 Qb1+ 56. Ke5 (56. Bd3 Qe1+ 57. Kd4 Qa1+ 58. Kd5 Qa5+ 59. Kd4 Qa1+ 60. Kc4 Qa4+ 61. Kd5 Qa5+ 62. Ke4 Qe1+ 63. Kd4 Qa1+ $16) 56... Qb2+ 57. Kf4 Qc1+ 58. Ke4 Qb1+ 59. Ke3 (59. Bd3 Qh1+ 60. Ke5 Qh2+ 61. Kd4 Qb2+ 62. Kc5 Qf2+ 63. Kc4 Qf7+ 64. Kb4 Qa2 $18) 59... Qc1+ 60. Kd3 Qb1+ 61. Kd4 Qb6+ 62. Ke4 Qc6+ 63. Kd3 Qb5+ 64. Kd4 Qb6+) 55. Kg4 $18 {[%csl Gd8][%cal Re8g8]} h5+ 56. gxh6 $1 Qf7 {[%cal Oh8h7]} 57. Rxg8+ Qxg8 58. Rxg8+ Kxg8 {[%mdl 4096] Endgame KB-K3P} 59. Kg5 a5 60. Bb5 Kh8 61. h4 ({Not} 61. Kxg6 Kg8 62. Bd7 Kh8 $18) 61... Kg8 62. Ba4 Kh8 63. Be8 ({Much less strong is} 63. Kxg6 Kg8 64. Kh5 Kh8 $18) 63... Kg8 64. Kxg6 Kh8 65. h7 b5 66. Bxb5 a4 67. Bxa4 {Weighted Error Value: White=0.36/Black=0.33} 1/2-1/2

[Event "Magistral Osasco 60 Anos 2022"]
[Site "Sao Paolo"]
[Date "2022.02.22"]
[Round "4.3"]
[White "Cubas, Jose Fernando"]
[Black "Pereira, Silvio Cunha"]
[Result "1/2-1/2"]
[WhiteElo "2469"]
[BlackElo "2217"]
[Annotator "TA"]
[PlyCount "135"]
[EventDate "2022.02.19"]
[EventType "tourn"]
[EventCountry "BRA"]
[SourceTitle "playchess.com"]
[Source "ChessBase"]
[SourceQuality "1"]

{[%evp 12,135,35,13,35,22,32,25,23,21,39,11,0,9,42,20,40,30,34,-19,50,56,64,54,84,81,85,75,80,62,104,71,75,69,75,67,67,27,17,0,0,0,0,-14,11,0,0,0,0,0,137,139,135,146,162,165,169,152,152,8,8,8,8,0,0,0,0,0,0,-26,-26,-26,0,-21,-21,-20,0,0,0,0,0,0,0,0,0,0,0,0,0,0,0,0,0,0,0,0,0,0,9,9,9,9,9,9,9,9,9,9,9,9,9,9,9,0,9,9,9,9,9,9,9,0,9,0,9,0]} 1. e4 e5 2. Nf3 Nc6 3. Bc4 Bc5 4. O-O d6 5. c3 Bb6 6. d3 Nf6 {6...h6 might become the main line.} 7. a4 a6 {C54: Giuoco Piano: 4 c3 Nf6, main lines with 5 d4 and 5 d3.} 8. Nbd2 O-O 9. h3 Ne7 {White has an edge.} 10. Re1 Ng6 11. Nf1 c6 12. Bb3 Nh5 {[#]} 13. Bg5 $146 ({Predecessor:} 13. d4 Nhf4 14. Ng3 Qf6 15. Nh5 Qe7 16. Nxf4 Nxf4 17. Bxf4 exf4 18. e5 d5 19. Qd2 {0-1 (42) Delchev,A (2628)-Olivier,J (2344) France 2006}) 13... Qe8 14. a5 Ba7 15. Ne3 (15. Be3 $14) 15... Bxe3 (15... h6 $1 $11 16. Nh4 Ngf4 17. Bxf4 Nxf4) 16. fxe3 $14 Be6 17. g4 Nf6 18. Bxf6 gxf6 19. Rf1 d5 20. Nd2 Kg7 (20... Qe7 $14 {deserves consideration.}) 21. Qf3 {[%cal Re4d5]} Qd8 22. exd5 cxd5 23. d4 Rh8 {[%cal Oh7h5]} 24. Rf2 {White is more active.} e4 25. Qg3 $36 {[%mdl 2048] Strongly threatening c4. White is more active.} h5 $1 26. Bd1 (26. gxh5 Rxh5 27. Rg2 Rxh3 $19) 26... hxg4 27. Bxg4 Bxg4 28. Qxg4 Rh4 29. Qf5 Qd6 {[#] And now ...Qg3+ would win.} 30. Raf1 $1 {[%cal Rf5f6]} Rah8 (30... Rf8 $11 {remains equal.}) 31. Qxf6+ $16 Qxf6 32. Rxf6 Rxh3 33. Rxf7+ Kg8 {aiming for ...Rh1+.} 34. Rxb7 {Black must now prevent Rf6.} Rxe3 {[#]} 35. Rf6 (35. Rb8+ $1 $16 Kg7 36. Rxh8 Kxh8 37. Kf2) 35... Rg3+ $11 36. Kf2 Rhh3 {Threatens to win with ...e3+.} 37. Nf1 {Chess con chili.} (37. Rxa6 {leads to mate.} e3+ 38. Ke1 exd2+ 39. Kf2 d1=N+ 40. Kf1 Rh1+ 41. Ke2 Rh2+ 42. Kf1 Rf2+ 43. Ke1 Rg1#) 37... Rf3+ 38. Rxf3 Rxf3+ {[%mdl 4096] Endgame KRN-KRN} 39. Ke1 Nf4 {Hoping for ...Nd3+.} 40. Nd2 Nd3+ {[%mdl 1024] Black has compensation.} 41. Ke2 Nf4+ (41... Rg3 $5 {[%cal Rd3f4]}) 42. Ke1 $1 {The position is equal.} Rg3 43. Nf1 Rg2 44. b4 Rb2 45. Ne3 Re2+ 46. Kd1 Rxe3 {KRN-KR} 47. b5 $1 axb5 (47... Rd3+ 48. Kc2 e3 49. bxa6 $18) 48. a6 {a7 would kill now.} Rxc3 {...e3 is the strong threat.} 49. a7 Ra3 50. Rb8+ Kf7 51. a8=Q Rxa8 52. Rxa8 {KR-KN} Ne6 53. Ra7+ Kf6 54. Rd7 Nxd4 55. Rxd5 Nf5 56. Rxb5 Kg5 57. Ke2 Kf4 {( -> ...Nd4+)} 58. Rb4 {To avoid Nd4+} Ng3+ 59. Kf2 Nf5 60. Ra4 Nh6 61. Ke2 Nf5 62. Rb4 Nd6 63. Rb8 Nf5 64. Rf8 Ke5 65. Kd2 Kf4 66. Ke2 Ke5 67. Kd2 Kf4 68. Ke2 {Weighted Error Value: White=0.13 (very precise) /Black=0.12 (very precise)} 1/2-1/2

[Event "Magistral Osasco 60 Anos 2022"]
[Site "Sao Paolo"]
[Date "2022.02.22"]
[Round "4.4"]
[White "Rodi, Luis Ernesto"]
[Black "Alboredo, Julia"]
[Result "1-0"]
[WhiteElo "2347"]
[BlackElo "2216"]
[Annotator "TA"]
[PlyCount "99"]
[EventDate "2022.02.19"]
[EventType "tourn"]
[EventCountry "BRA"]
[SourceTitle "playchess.com"]
[Source "ChessBase"]
[SourceQuality "1"]

{[%evp 15,99,31,55,26,32,22,18,15,17,11,16,-8,21,0,0,0,0,0,0,0,16,0,0,0,0,0,19,29,14,19,9,13,13,0,0,0,0,0,10,0,0,-10,4,0,0,-19,14,-10,18,14,45,67,79,69,84,56,98,36,107,108,83,77,366,360,352,320,304,295,297,296,269,290,323,316,493,487,1238,1232,1188,1181,5895,5808,5691,245,5306,5618]} 1. e4 c5 2. Nf3 Nc6 3. d4 cxd4 4. Nxd4 Nf6 5. Nc3 d6 6. Bc4 Bd7 7. O-O $1 {7.0-0 is better than 7.Bb3.} g6 8. Nxc6 bxc6 9. Qe2 {B57: Classical Sicilian: Sozin with 6...Qb6.} (9. f4 {looks sharper.} Bg7 10. e5 Bg4 11. Qd2 Qb6+ 12. Kh1) 9... Bg7 10. e5 dxe5 11. Qxe5 {The position is equal.} O-O 12. Qe2 {[#]} Bf5 $146 ({Predecessor:} 12... Bg4 13. f3 Bf5 14. Be3 Qa5 15. Rad1 Rad8 16. Qf2 Nd5 17. Bxd5 cxd5 18. Bxa7 Rd7 {0-1 (28) Maximov,I (2116)-Abramov,V (2321) St Petersburg 2008}) 13. Bg5 Re8 (13... h6 $5 {[%cal Rh6g5]} 14. Bf4 Nd5 $11) 14. Rad1 Qb6 {Strongly threatening ...Bg4.} (14... Qb8 15. Bb3 $14) 15. Rb1 Rad8 16. Bb3 Qa5 {[%cal Of5c2]} 17. Bd2 Qc7 18. f3 Nd5 {[%cal Bf6d5,Bd5f4,Bf4e6,Be6d4][%mdl 32]} 19. Ne4 Nf4 20. Qe1 Ne6 21. Ba5 Bd4+ 22. Kh1 Bb6 23. Bc3 Bd4 24. Ng3 {[#] Hoping for Ba5.} Bxc3 25. Qxc3 Nd4 26. Rbd1 Qf4 27. Nxf5 Nxf5 28. Rfe1 {Inhibits Ne3.} Qg5 29. Qe5 h5 {[%cal Bh7h5,Bh5h4,Bh4h3][%mdl 32] Prevents g4.} 30. c3 h4 31. Kg1 {[%cal Bh1g1,Bg1f2,Bf2g3][%mdl 32]} h3 {[%csl Gh3][%cal Rg5g2] [#]} 32. g4 Nh4 33. Kf2 {Chess con chili.} (33. Bxf7+ $2 Kxf7 34. Qxg5 Nxf3+ 35. Kf2 Nxg5 $19) 33... Qxe5 34. Rxe5 {aiming for Rxd8.} Rxd1 35. Bxd1 $14 {[%mdl 4096] Endgame KRB-KRN} Rd8 (35... f6 $1 $14 36. Bb3+ Kf8) 36. Bb3 (36. Ba4 $16) 36... Rd3 (36... Kf8 $1 $14) 37. Re3 $16 Rd2+ 38. Kg3 Ng2 {[%mdl 8192] Black cannot hold the game after this.} (38... g5 $16 39. Rxe7 Rg2+ 40. Kxh3 Rxb2) 39. Rxe7 $18 Rxb2 40. g5 (40. Rxa7 g5 41. Ra5 (41. Bxf7+ Kf8 $11) (41. Kxh3 $2 Nf4+ 42. Kg3 Rg2#) 41... Kf8 42. Rxg5 Ne3 $18) (40. Bxf7+ Kf8 41. Rd7 (41. Rxa7 g5 $11) 41... g5 $11) (40. Kxh3 g5 41. Rxf7 (41. Bxf7+ $2 Kf8 $19) 41... Kh8 $14) 40... a5 41. Rb7 ({Don't do} 41. Bxf7+ Kf8 42. Rc7 Ne3 43. Bxg6 Rg2+ 44. Kxh3 Rxg5 $18) (41. Kxh3 Nf4+ 42. Kh4 Nd5 $16) 41... Kh8 {[%cal Oa5a4]} 42. Rxf7 ({Inferior is} 42. Kxh3 a4 43. Rxf7 (43. Rb8+ Kg7 $17) 43... axb3 44. axb3 c5 $15) 42... Ne3 43. Kxh3 Nf1 44. Kg4 Ne3+ (44... Rxh2 {was necessary.} 45. Rf8+ Kg7 46. Rg8+ Kh7) 45. Kf4 Nf5 (45... a4 $142 46. Kxe3 axb3 47. axb3 Rxb3) 46. Ke5 a4 47. Be6 Ng7 48. Rf8+ Kh7 49. Bg8+ Kh8 50. Kf6 {Weighted Error Value: White=0.07 (flawless) /Black=0.31} 1-0